Online
Catalog

Magallanes : (Record no. 7401)

MARC details
000 -CABECERA
campo de control de longitud fija 00712cam a2200217 a 4500
001 - NÚMERO DE CONTROL
campo de control 000007621
005 - FECHA Y HORA DE LA ÚLTIMA TRANSACCIÓN
campo de control 20200929154233.0
008 - DATOS DE LONGITUD FIJA--INFORMACIÓN GENERAL
campo de control de longitud fija 831117s1959 mx 000 0 spa d
040 ## - FUENTE DE LA CATALOGACIÓN
Centro catalogador/agencia de origen DO-SdBNP
Lengua de catalogación spa
Centro/agencia transcriptor BNPHU
041 17 - CÓDIGO DE LENGUA
Código de lengua del texto/banda sonora o título independiente spa
Código de lengua original ger
082 ## - NÚMERO DE LA CLASIFICACIÓN DECIMAL DEWEY
Número de clasificación 923.9469
Número de documento/Ítem Z97m, 1959
100 1# - ENTRADA PRINCIPAL--NOMBRE DE PERSONA
Nombre de persona Zweig, Stefan,
Fechas asociadas al nombre 1881-1942.
9 (RLIN) 13343
240 10 - TÍTULO UNIFORME
Título uniforme Magellan.
Lenguaje de la obra Español
245 10 - MENCIÓN DE TÍTULO
Título Magallanes :
Resto del título la aventura más audaz de la humanidad /
Mención de responsabilidad, etc. Stefan Zweig ; traducción Alfredo Cahn.
250 ## - MENCIÓN DE EDICIÓN
Mención de edición 3a ed.
260 ## - PUBLICACIÓN, DISTRIBUCIÓN, ETC.
Lugar de publicación, distribución, etc. México :
Nombre del editor, distribuidor, etc. Diana,
Fecha de publicación, distribución, etc. 1959.
300 ## - DESCRIPCIÓN FÍSICA
Extensión 315 p. ;
Dimensiones 21 cm.
534 ## - NOTA SOBRE LA VERSIÓN ORIGINAL
Encabezamiento principal del original Título de la obra en alemán:
Mención de título del original Magellan
600 14 - PUNTO DE ACCESO ADICIONAL DE MATERIA--NOMBRE DE PERSONA
Nombre de persona MAGALLANES, FERNANDO DE,
Fechas asociadas al nombre 1480?-1521
9 (RLIN) 21148
700 1# - PUNTO DE ACCESO ADICIONAL--NOMBRE DE PERSONA
Nombre de persona Cahn, Alfredo,
Término indicativo de función/relación tr.
9 (RLIN) 21149
Holdings
Estado de retiro Estado de pérdida Restricciones de uso No para préstamo Código de colección Localización permanente Ubicación/localización actual Ubicación en estantería Fecha de adquisición Número de inventario Total de préstamos Signatura topográfica completa Código de barras Fecha visto por última vez Precio válido a partir de Tipo de ítem Koha
        Monografías: Libros y Folletos General General En catalogación 09.09.2009 LF1   923.9469 Z97m, 1959 7621-10 25.06.2020 25.06.2020 Préstamo en sala

Powered by Koha